<?xml version="1.0" encoding="UTF-8"?>
<record
    xmlns:xsi="http://www.w3.org/2001/XMLSchema-instance"
    xsi:schemaLocation="http://www.loc.gov/MARC21/slim http://www.loc.gov/standards/marcxml/schema/MARC21slim.xsd"
    xmlns="http://www.loc.gov/MARC21/slim">

  <leader>01550nam a2200421 a 4500</leader>
  <controlfield tag="005">20240423121937.0</controlfield>
  <controlfield tag="008">110624s2013    sp il. f      001 0 spa d</controlfield>
  <datafield tag="020" ind1=" " ind2=" ">
    <subfield code="a">9788480869577</subfield>
  </datafield>
  <datafield tag="041" ind1=" " ind2=" ">
    <subfield code="a">spa</subfield>
  </datafield>
  <datafield tag="092" ind1=" " ind2=" ">
    <subfield code="c">618.92</subfield>
    <subfield code="l">55</subfield>
    <subfield code="s">NEL</subfield>
  </datafield>
  <datafield tag="245" ind1=" " ind2=" ">
    <subfield code="a">Nelson. Tratado de Pediatr&#xED;a.</subfield>
    <subfield code="b">T.1 /</subfield>
    <subfield code="c">Robert M. Kliegman</subfield>
  </datafield>
  <datafield tag="250" ind1=" " ind2=" ">
    <subfield code="a">19a ed. en espa&#xF1;ol de la obra original en ingl&#xE9;s</subfield>
  </datafield>
  <datafield tag="260" ind1=" " ind2=" ">
    <subfield code="a">Barcelona: </subfield>
    <subfield code="b">Elsevier ; Saunders;</subfield>
    <subfield code="c">2013.</subfield>
  </datafield>
  <datafield tag="300" ind1=" " ind2=" ">
    <subfield code="a">1-1294 p.</subfield>
  </datafield>
  <datafield tag="500" ind1=" " ind2=" ">
    <subfield code="a">Kliegman R. M. et al. (2013). Nelson. Tratado de Pediatr&#xED;a. T.1 (19a ed.). Barcelona : Elsevier ; Saunders. </subfield>
  </datafield>
  <datafield tag="653" ind1=" " ind2=" ">
    <subfield code="a">Campo de la pediatr&#xED;a</subfield>
  </datafield>
  <datafield tag="653" ind1=" " ind2=" ">
    <subfield code="a">Crecimiento, desarrolo y conducta</subfield>
  </datafield>
  <datafield tag="653" ind1=" " ind2=" ">
    <subfield code="a">Trastornos conductuales y enfermedades psiqui&#xE1;tricas</subfield>
  </datafield>
  <datafield tag="653" ind1=" " ind2=" ">
    <subfield code="a">Trastornos del aprendizaje</subfield>
  </datafield>
  <datafield tag="653" ind1=" " ind2=" ">
    <subfield code="a">Ni&#xF1;os con necesidades especiales</subfield>
  </datafield>
  <datafield tag="653" ind1=" " ind2=" ">
    <subfield code="a">Nutrici&#xF3;n</subfield>
  </datafield>
  <datafield tag="653" ind1=" " ind2=" ">
    <subfield code="a">Fisiopatolog&#xED;a de los l&#xED;quidos corporales y tratamiento hidroelectrol&#xED;tico</subfield>
  </datafield>
  <datafield tag="653" ind1=" " ind2=" ">
    <subfield code="a">Farmacoterapia pedi&#xE1;trica</subfield>
  </datafield>
  <datafield tag="653" ind1=" " ind2=" ">
    <subfield code="a">Ni&#xF1;o con patolog&#xED;a aguda</subfield>
  </datafield>
  <datafield tag="653" ind1=" " ind2=" ">
    <subfield code="a">Gen&#xE9;tica humana</subfield>
  </datafield>
  <datafield tag="653" ind1=" " ind2=" ">
    <subfield code="a">Trastornos gen&#xE9;ticos del metabolismo</subfield>
  </datafield>
  <datafield tag="653" ind1=" " ind2=" ">
    <subfield code="a">Feto y el reci&#xE9;n nacido</subfield>
  </datafield>
  <datafield tag="653" ind1=" " ind2=" ">
    <subfield code="a">Medicina de la adolescencia</subfield>
  </datafield>
  <datafield tag="653" ind1=" " ind2=" ">
    <subfield code="a">Inmunolog&#xED;a</subfield>
  </datafield>
  <datafield tag="653" ind1=" " ind2=" ">
    <subfield code="a">Enfermedades al&#xE9;rgicas</subfield>
  </datafield>
  <datafield tag="653" ind1=" " ind2=" ">
    <subfield code="a">Enfermedades reum&#xE1;ticas de la infancia</subfield>
  </datafield>
  <datafield tag="653" ind1=" " ind2=" ">
    <subfield code="a">Enfermedades infecciosas</subfield>
  </datafield>
  <datafield tag="700" ind1="1" ind2=" ">
    <subfield code="a">Kliegman, Robert M.</subfield>
    <subfield code="9">4</subfield>
  </datafield>
  <datafield tag="700" ind1="1" ind2=" ">
    <subfield code="a">Behrman, Richard E.</subfield>
    <subfield code="9">5</subfield>
  </datafield>
  <datafield tag="700" ind1="1" ind2=" ">
    <subfield code="a">Stanton, Bonita F.</subfield>
    <subfield code="9">7</subfield>
  </datafield>
  <datafield tag="700" ind1="1" ind2=" ">
    <subfield code="a">St. Geme III, Joseph W.</subfield>
    <subfield code="9">1955</subfield>
  </datafield>
  <datafield tag="942" ind1=" " ind2=" ">
    <subfield code="2">ddc</subfield>
    <subfield code="c">BK</subfield>
  </datafield>
  <datafield tag="999" ind1=" " ind2=" ">
    <subfield code="c">1235</subfield>
    <subfield code="d">1235</subfield>
  </datafield>
  <datafield tag="952" ind1=" " ind2=" ">
    <subfield code="0">0</subfield>
    <subfield code="1">0</subfield>
    <subfield code="2">ddc</subfield>
    <subfield code="4">0</subfield>
    <subfield code="7">0</subfield>
    <subfield code="a">BFM</subfield>
    <subfield code="b">BFM</subfield>
    <subfield code="c">CR</subfield>
    <subfield code="d">2013-03-11</subfield>
    <subfield code="l">89</subfield>
    <subfield code="m">17</subfield>
    <subfield code="o">618.92 55 NEL</subfield>
    <subfield code="p">2773</subfield>
    <subfield code="r">2026-04-24</subfield>
    <subfield code="s">2026-04-22</subfield>
    <subfield code="t">ej.11</subfield>
    <subfield code="w">2013-03-11</subfield>
    <subfield code="y">BK</subfield>
    <subfield code="z">COMPRA PROYECTO PROMED 2DA ETAPA, MARZO 2013</subfield>
  </datafield>
  <datafield tag="952" ind1=" " ind2=" ">
    <subfield code="0">0</subfield>
    <subfield code="1">0</subfield>
    <subfield code="2">ddc</subfield>
    <subfield code="4">0</subfield>
    <subfield code="7">0</subfield>
    <subfield code="a">BFM</subfield>
    <subfield code="b">BFM</subfield>
    <subfield code="c">CR</subfield>
    <subfield code="d">2013-05-09</subfield>
    <subfield code="g">902.00</subfield>
    <subfield code="l">100</subfield>
    <subfield code="m">26</subfield>
    <subfield code="o">618.92 55 NEL</subfield>
    <subfield code="p">2864</subfield>
    <subfield code="r">2025-10-31</subfield>
    <subfield code="s">2025-10-24</subfield>
    <subfield code="t">ej.12</subfield>
    <subfield code="w">2013-05-09</subfield>
    <subfield code="y">BK</subfield>
    <subfield code="z">COMPRA PROMED 2DO A&#xD1;O. Mayo 2013</subfield>
  </datafield>
  <datafield tag="952" ind1=" " ind2=" ">
    <subfield code="0">0</subfield>
    <subfield code="1">0</subfield>
    <subfield code="2">ddc</subfield>
    <subfield code="4">0</subfield>
    <subfield code="7">0</subfield>
    <subfield code="8">REF</subfield>
    <subfield code="a">BFM</subfield>
    <subfield code="b">BFM</subfield>
    <subfield code="c">REF</subfield>
    <subfield code="d">2013-05-09</subfield>
    <subfield code="g">902.00</subfield>
    <subfield code="l">13</subfield>
    <subfield code="m">4</subfield>
    <subfield code="o">618.92 55 NEL</subfield>
    <subfield code="p">2866</subfield>
    <subfield code="r">2019-12-13</subfield>
    <subfield code="s">2019-12-13</subfield>
    <subfield code="t">ej.13</subfield>
    <subfield code="w">2013-05-09</subfield>
    <subfield code="y">REF</subfield>
    <subfield code="z">LIBRO DE CONSULTA. COMPRA PROMED 2DO A&#xD1;O. Mayo 2013</subfield>
  </datafield>
  <datafield tag="952" ind1=" " ind2=" ">
    <subfield code="0">0</subfield>
    <subfield code="1">0</subfield>
    <subfield code="2">ddc</subfield>
    <subfield code="4">0</subfield>
    <subfield code="7">0</subfield>
    <subfield code="a">BFM</subfield>
    <subfield code="b">BFM</subfield>
    <subfield code="c">CR</subfield>
    <subfield code="d">2023-04-11</subfield>
    <subfield code="e">Donaci&#xF3;n Dra. Ocampo, Patricia. Abril 2023.</subfield>
    <subfield code="l">0</subfield>
    <subfield code="o">618.92 55 NEL</subfield>
    <subfield code="p">4836</subfield>
    <subfield code="r">2023-04-11</subfield>
    <subfield code="t">Ej. 14</subfield>
    <subfield code="w">2023-04-11</subfield>
    <subfield code="y">BK</subfield>
    <subfield code="z">Donaci&#xF3;n Dra. Ocampo, Patricia. Abril 2023.</subfield>
    <subfield code="f"></subfield>
  </datafield>
</record>
